IMPOSSIBLE to know everything - Statistics

General Stats
  • This quiz has been taken 19 times
  • The average score is 6 of 15
Answer Stats
Question Answer % Correct
Where is the original Coca Cola recipe stored? Atlanta, USA
75%
How long is a flight from Manchester (UK) to Rennes (France)? 1,5 - 2 hr
50%
What does the Swedish word "Fika" mean? a coffee break
50%
Mar Chiquita Lake is located in ___________. Argentina
50%
What is Sepak Takraw? a Southeast Asian sport
50%
What is the only country that doesn't have any shade of red, blue or white on its flag? Jamaica
50%
Which team has NOT won the UCL? Napoli
50%
Marlboro was founded by _______________. Philip Morris
50%
Which city is the biggest by population? Alger, Algeria
25%
What was the most sold Single in the 70s? Bohemian Rhapsody by Queen
25%
What is the capital of Sierra Leone called? Freetown
25%
Which one was Oxford's "Word of the Year" in 2012? GIF
25%
Which one is a tube(London underground) station? Haydons Road
25%
Meitnerium is an element in the periodic table and its symbol is ___. Mt
0%
Where is the oldest building in the world located? Turkey
0%
No matching quizzes found
Score Distribution
Percent of People with Each Score
Percentile by Number Answered
Your Score History
You have not taken this quiz